| 000 | 00883cam a2200265 i 4500 | ||
|---|---|---|---|
| 005 | 20260107133649.0 | ||
| 008 | 250721s2008 le gr 000 0 ara d | ||
| 020 | _a9953362637 | ||
| 082 | 1 | 4 |
_a320.092 _bع ب د |
| 100 | 1 |
_aعبد الوهاب، عطا _eمؤلف. |
|
| 245 | 1 | 0 |
_aسيرة عمل السياسي : _bبغداد - عمان (2003-2006) / _cعطا عبد الوهاب. |
| 250 | _aالطبعة الأولى. | ||
| 264 | 3 | 1 |
_aبيروت : _bالمؤسسة العربية للدراسات، _c2008. |
| 300 | _a174 صفحة. | ||
| 490 | 0 | _aفكر سياسي. | |
| 650 | 1 | 7 | _aالعراق. |
| 650 | 1 | 7 | _aالاردن. |
| 650 | 1 | 7 | _aالعلاقات الدوليه. |
| 650 | 1 | 7 | _aالسياسه. |
| 650 | 1 | 7 | _aالتراجم. |
| 650 | 1 | 7 | _aالسياسيون. |
| 830 | 0 | _aفكر سياسي. | |
| 942 |
_2ddc _cBK |
||
| 999 |
_c1340 _d1340 |
||